| 000 | 03040nam0a2200385 i 4500 | ||
|---|---|---|---|
| 001 | RU\NLR\BIBL_A\010458395 | ||
| 005 | 20260408115234.0 | ||
| 010 |
_a9785959007805 _936 |
||
| 021 |
_aRU _b2014-47889 _92897 |
||
| 035 | _a(NILC)RuMoRGB-007514007 | ||
| 035 | _a(NLR Aleph) 010458395 | ||
| 090 |
_a9962609 _c9962609 |
||
| 100 | _a20140904d2014 km y0rusy50 ca | ||
| 101 | 0 | _arus | |
| 102 | _aRU | ||
| 105 | _aa|||z|||100yy | ||
| 200 | 1 |
_aЭкономические аспекты таможенного регулирования в Таможенном союзе _eсборник материалов научной секции кафедры таможенных доходов и тарифного регулирования проведенной в рамках научно-практической конференции "Актуальные проблемы таможенного дела в условиях Всемирной торговой организации", 14 ноября 2013 г. _fГос. казен. образоват. учреждение высш. проф. образования "Рос. тамож. акад." _g[редкол.: О.Б. Сокольникова, к.э.н., доц. и др.] |
|
| 210 |
_aМосква _cИзд-во Российской таможенной академии _d2014 |
||
| 215 |
_a47 с. _cил. _d24 |
||
| 320 | _aБиблиогр. в конце ст. и в подстроч. примеч. | ||
| 606 | 1 |
_aТаможенный контроль _jСъезды, совещания и т.п _92135689 _3RU\NLR\AUTH\661287855 |
|
| 606 | 1 |
_aВнешняя торговля _jСъезды, совещания и т.п _xГосударственное регулирование _yРоссийская Федерация _92343619 _3RU\NLR\AUTH\661400677 |
|
| 606 | 1 |
_aТаможенные тарифы _jСъезды, совещания и т.п _yРоссийская Федерация _92078645 _3RU\NLR\AUTH\661254507 |
|
| 610 | 0 | _aтаможенное регулирование | |
| 686 | 1 | _aУ43(2)-866я431 | |
| 686 | 1 | _aХ621.165.2я431 | |
| 702 | 1 |
_aСокольникова _bО. Б. _gОльга Борисовна _4340 |
|
| 711 | 0 | 2 |
_aРоссийская таможенная академия _bКафедра таможенных доходов и тарифного регулирования _bНаучная секция _f2013 _3RU\NLR\AUTH\880377979 _9422268 |
| 711 | 1 | 2 |
_a"Актуальные проблемы таможенного дела в условиях Всемирной торговой организации", научно-практическая конференция _eМосква _f2013 _9422276 _3RU\NLR\AUTH\880377983 |
| 801 | 0 |
_aRU _bРГБ _c20140701 _gRCR |
|
| 801 | 1 |
_aRU _bРГБ _c20140701 _2rusmarc |
|
| 942 | _cBOOK | ||
| 980 | _aNBR | ||